000 01148nam a2200349 a 4500
001 vtls000128925
003 NLI
005 20210601205817.0
008 101125s1952 enk 000 0aeng
020 _cRs. 15.00
039 9 _y201011251404
_zVLOAD
040 _aNLI
_beng
_cDatasoft 1
_eAACR2
041 1 _aeng
044 _aenk
082 0 4 _a92
100 1 _aAmba, Achmed
_9258796
240 1 0 _aEin Mensch sieht Stalin
_lEnglish
245 1 0 _aI was Stalin's bodyguard /
_cby Achmed Amba ; translated by Richard and Clara Winston
260 _aLondon :
_bFrederick Muller,
_c1952
300 _a256 p. ;
_c22 cm.
500 _aTranslation of: Ein Mensch sieht Stalin
600 1 0 _aStalin, Joseph,
_d1879-1953
_9213480
650 0 _aAutobiographies
_968904
700 1 _aWinston, Richard,
_4trl
_9145544
700 1 _aWinston, Clara,
_4trl
_917572
887 _a
901 _a372402
_b12.2.65
902 _aE 92 St 16 a
949 _AVIRTUAITEM
_D10000
_X100
_6PUR000372402ENG
942 _2ddc
_cBKS
999 _aVIRTUA40
_c132000
_d132000
999 _aVTLSSORT0080*0200*0400*0410*0440*0820*1000*2400*2450*2600*3000*5000*6000*6500*7000*7001*9010*9020*9490*9991